01260nam a2200349 i 4500001000700000003000800007005001700015006001900032007001500051008004100066020001800107035002300125035002400148035002500172035002100197040003100218050002500249082001600274100003100290245008900321264005900410300004100469336003100510337003300541338004300574504002900617588012500646650003000771650002000801655002700821856006200848115989FlNmELB20241217174743.0m o d | cr cnu||||||||140409s2001 mx ob 000 0 spa d z9789688569542 a(MiAaPQ)EBC3218256 a(Au-PeEL)EBL3218256 a(CaPaEBR)ebr10844309 a(OCoLC)992034861 aFINmELBbspaerdacFINmELB 4aHG2040.15bV433 20010 a332.7222231 aVelasco Romo, Juan Arturo.10aComparación del crédito hipotecario en Udis y pesos /cJuan Arturo Velasco Romo. 1aMéxico DF :bPlaza y Valdés S. A. de C. V.,c2001. a1 recurso en línea (189 páginas) atextobtxt2rdacontent/spa acomputadorabc2rdamedia/spa arecurso en líneabcr2rdacarrier/spa aContiene bibliografía. aDescripción basada en recurso en línea; Título de la página del título en PDF (e-libro, visto April 09, 2014). 4aPréstamos hipotecarios. 0aMortgage loans. 4aLibros electrónicos.40uhttps://elibro.net/ereader/politecnicointernacional/73359